| 000 | 00564nam a2200181Ia 4500 | ||
|---|---|---|---|
| 008 | 100921s9999 xx 000 0 und d | ||
| 082 |
_b11057 _a891.463 थ 74 |
||
| 100 | _aभावे पुरूषोत्तम भास्कर. | ||
| 245 | _aतपस्वी. | ||
| 260 |
_bनागपूर प्रकाशन,नागपूर. _c1974 |
||
| 300 |
_a146 _b--- |
||
| 365 | _b12 | ||
| 520 | _aललित-कथा. | ||
| 630 | _aतपस्वी. | ||
| 650 | _aललित-कथा. | ||
| 730 | _aतपस्वी. | ||
| 942 | _cBOOK | ||
| 999 |
_c760170 _d760167 |
||